TV Shows A-Z - Statistics

General Stats
  • This quiz has been taken 25 times
  • The average score is 3 of 26
Answer Stats
letter show % Correct
G Game of Thrones
73%
P Pretty Little Liars
36%
C Charmed
27%
R Riverdale
18%
S Supernatural
18%
O One Tree Hill
14%
A Austin and Ally
9%
B Bewitched
9%
H Hannah Montana
9%
M Mad Men
9%
W Westworld
9%
X Xena : warrior Princess
9%
D Daredevil
5%
Q Quantico
5%
U Unbreakable Kimmy Schmidt
5%
Z Zoo
5%
E Entourage
0%
F faking it
0%
I I Am Cait
0%
J Jericho
0%
K Keeping Up with the Kardashians
0%
L Luthor
0%
N Nashville
0%
T Timeless
0%
V Veronica Mars
0%
Y Yogi Bear
0%
No matching quizzes found
Score Distribution
Percent of People with Each Score
Percentile by Number Answered
Your Score History
You have not taken this quiz